=LDR 00000nam 2200000 4500 =001 INLIS000000000038370 =005 20130612144036 =008 ***********************************Inf** =035 ##$$0010-061300000038370 =041 ##$$a Inf =082 ##$$a 641.5 =090 ##$$a 641.5, Hea h =245 ##$$a Healthy, easy =260 ##$$a 2009 $b Jakarta =300 ##$$a 40 hlm, Ilus, 22 cm =650 ##$$a Masakan Resep =850 ##$$a NBPNMAT